Οι απόψεις των μαθητών Β γυμνασίου για το εσωτερικό της γης και τα ηφαίστεια : πτυχιακή εργασία

Αποθηκεύτηκε σε:
Λεπτομέρειες βιβλιογραφικής εγγραφής
Κύριος συγγραφέας: Παπαζαχαρίου, Πηνελόπη
Συγγραφή απο Οργανισμό/Αρχή: Πανεπιστήμιο Αιγαίου. Σχολή Κοινωνικών Επιστημών. Τμήμα Γεωγραφίας
Άλλοι συγγραφείς: Κλωνάρη, Αικατερίνη (Εισηγητής διατριβής)
Μορφή: Thesis Βιβλίο
Γλώσσα:Greek
Δημοσίευση: Λέσβος : Πανεπιστήμιο Αιγαίου, Σχολή Κοινωνικών Επιστημών, Τμήμα Γεωγραφίας, 2007
Θέματα:
Διαθέσιμο Online:http://hdl.handle.net/11610/6187
Ετικέτες: Προσθήκη ετικέτας
Δεν υπάρχουν, Καταχωρήστε ετικέτα πρώτοι!

MARC

LEADER 00000cam a2200000 i 4500
001 1/44183
008 070514s2007 gre d
035 |l 10087796 
040 |a GR-MY-UA  |b gre  |e aacr 
041 0 |a gre 
082 0 |a 372.891  |2 (22) 
100 1 |a Παπαζαχαρίου, Πηνελόπη. 
245 1 3 |a Οι απόψεις των μαθητών Β γυμνασίου για το εσωτερικό της γης και τα ηφαίστεια :  |b πτυχιακή εργασία /  |c Παπαζαχαρίου Πηνελόπη ; υπεύθυνη καθηγήτρια Κλωνάρη Αικατερίνη 
260 |a Λέσβος :   |b Πανεπιστήμιο Αιγαίου, Σχολή Κοινωνικών Επιστημών, Τμήμα Γεωγραφίας,   |c 2007 
300 |a 87 σ.;  |b εικ., πίν.;  |c 30 εκ. 
500 |a Μέλη της εξεταστικής επιτροπής: Ζούρος Νικόλαος, Κοντής Ευάγγελος 
502 # # |a Πτυχιακή εργασία – Πανεπιστήμιο Αιγαίου, Λέσβος, 2007. 
504 |a Βιβλιογραφία: σ. 84-85 
650 0 0 |a Geography  |x Study and teaching (Secondary) 
650 0 0 |a Volcanoes. 
650 0 0 |a Geology  |x Study and teaching (Secondary) 
650 0 0 |a Earth temperature. 
650 0 0 |a Dissertations, Academic  |z Greece. 
700 1 |4 ths  |a Κλωνάρη, Αικατερίνη. 
710 2 |a Πανεπιστήμιο Αιγαίου.   |b Σχολή Κοινωνικών Επιστημών.   |b Τμήμα Γεωγραφίας. 
852 |a INST  |b LESVOS  |c DIATR  |e 20070514  |h 429  |p 005100038384  |q 005100038384  |t DIE  |y 23 
852 |a INST  |b LESVOS  |c DIATR  |e 20070514  |h 430  |p 005100038383  |q 005100038383  |t DIE  |y 23 
856 |u http://hdl.handle.net/11610/6187 
901 |a BIBL1-2007-2 
909 |a Λ  |b 132842 
909 |a Λ  |b 132843 
924 |a ΠΑΠΑΖΑΧΑΡΙΟΥ  |b ΠΗΝΕΛΟΠΗ  |y ΛΕΣΒΟΣ  |z 2007-05 
970 |a ΒΑΡΚΑ  |b ΕΛΕΥΘΕΡΙΑ  |z 2007/05/11